| 000 | 00922nam a22002657a 4500 | ||
|---|---|---|---|
| 001 | BR8704297 | ||
| 003 | BR-BrBNA | ||
| 005 | 20230928092700.0 | ||
| 007 | ta | ||
| 008 | 230509b bl.||||| |||| 00| 0 por d | ||
| 040 |
_aBR-BrBNA _bpor _cBiblioteca Nacional de Agricultura |
||
| 041 | _a(Por) | ||
| 072 |
_aP33; P10 _b/G514 _b/GZ34 |
||
| 090 | _ P33 BR8704297 | ||
| 100 | 1 | _aMartinelli, L.A. | |
| 110 | 1 |
_aEscola Superior de Agricultura Luiz de Queiroz, Piracicaba, SP (Brasil) _0Tese (Mestre em Agronomia) |
|
| 245 | 1 | _aComposicao quimica e isotopica (13c)de sedimentos de varzea e suas interacoes com alguns rios da bacia amazonica | |
| 260 | 3 |
_aPiracicaba, SP (Brasil): _c1986. |
|
| 300 | _a237 p. | ||
| 500 | _a23 illus.; 18 tables; Bibliography p. 183-201 (118 ref.); Summaries (Eng, Por) | ||
| 650 | _aQUIMICA DO SOLO | ||
| 650 | _aBACIA AMAZONICA | ||
| 909 |
_a202309 _bLucia _c55 _dLucia Elande |
||
| 942 | _cBK | ||
| 999 |
_c40582 _d40582 |
||